000 00238nam a2200121Ia 4500
100 _aMehta/ S.
942 _cBK
654 _aDOS
245 _aDOS made Simple
260 _bGalgotia
_aNew Delhi
_c1993
546 _aENGLISH
999 _c32288
_d32288